Regular verbs in simple past tense - Statistics

General Stats
  • This quiz has been taken 206 times
  • The average score is 11 of 12
Answer Stats
Question Answer % Correct
play played
100%
study studied
100%
cry cried
95%
defeat defeated
95%
visit visited
95%
walk walked
95%
fax faxed
91%
fill filled
91%
tow towed
91%
type typed
91%
rob robbed
86%
admit admitted
41%
No matching quizzes found
Score Distribution
Percent of People with Each Score
Percentile by Number Answered
Your Score History
You have not taken this quiz